000
00318nam a2200121Ia 4500
008
231129s9999||||xx |||||||||||||| ||spa||
020
_a
958-33-0702-5
040
_b
spa
082
_a
617.1 T777
245
0
_a
Trauma
264
_a
Sociedad Panamericana de Trauma
942
_2
ddc
_c
BKS
999
_c
25644
_d
25644